APGAR Newborn Assessment Quiz Stats

Quiz Updated Sep 17, 2015

Challenge
Share
Tweet
Embed
Score 0/5 Timer 02:00
1 Play Today
Letter Part of Acronym % Correct
PPulse
85%
RRespiration
66.6%
AAppearance
57.2%
GGrimace
34.6%
AActivity
32.1%

You're not logged in!

Compare scores with friends on all Sporcle quizzes.
Sign Up with Email
OR
Log In

You Might Also Like...

Show Comments

Extras

Top Quizzes Today


Score Distribution

Your Account Isn't Verified!

In order to create a playlist on Sporcle, you need to verify the email address you used during registration. Go to your Sporcle Settings to finish the process.